000 00381nam a2200157Ia 4500
008 240729s9999 xx 000 0 und d
022 _a2039-4403
245 0 _aNursing Reports
260 _aSwitzerland
260 _bMDPI AG
650 _a Nursing
650 _aMedicine
856 _uhttps://doaj.org/toc/e513cb61623d43f898e5470bd8878a7c
942 _2ddc
942 _cDOAJEJ
999 _c74352
_d74352
945 _a1
_bMadushi Gamage
_c1
_dMadushi Gamage